Social dynamics in contemporary North-East India : (Record no. 8364)

MARC details
000 -LEADER
fixed length control field 00865 a2200217 4500
003 - CONTROL NUMBER IDENTIFIER
control field GBCCL
005 - DATE AND TIME OF LATEST TRANSACTION
control field 20241126110649.0
008 - FIXED-LENGTH DATA ELEMENTS--GENERAL INFORMATION
fixed length control field 200212b ||||| |||| 00| 0 eng d
020 ## - INTERNATIONAL STANDARD BOOK NUMBER
International Standard Book Number 9788180699399
020 ## - INTERNATIONAL STANDARD BOOK NUMBER
International Standard Book Number 8180699390
040 ## - CATALOGING SOURCE
Transcribing agency gbc
082 ## - DEWEY DECIMAL CLASSIFICATION NUMBER
Classification number 305.5609541
Item number HAN
100 ## - MAIN ENTRY--PERSONAL NAME
Personal name Hanjabam, Shukhdeba Sharma
9 (RLIN) 14603
245 ## - TITLE STATEMENT
Title Social dynamics in contemporary North-East India :
Remainder of title a study of regional exclusion, self-determination movements, and ethnic violence /
Statement of responsibility, etc. by Shukhdeba Sharma Hanjabam; J J Roy Burman
260 ## - PUBLICATION, DISTRIBUTION, ETC.
Place of publication, distribution, etc. New Delhi :
Name of publisher, distributor, etc. Concept Pub. Co.,
Date of publication, distribution, etc. 2013.
300 ## - PHYSICAL DESCRIPTION
Extent xiv, 164 pages : illustrations, maps ; 23 cm
650 ## - SUBJECT ADDED ENTRY--TOPICAL TERM
Topical term or geographic name entry element Marginality, Social -- India, Northeastern.
9 (RLIN) 14604
650 ## - SUBJECT ADDED ENTRY--TOPICAL TERM
Topical term or geographic name entry element Self-determination, National -- India, Northeastern.
9 (RLIN) 14605
650 ## - SUBJECT ADDED ENTRY--TOPICAL TERM
Topical term or geographic name entry element Ethnic conflict -- India, Northeastern.
9 (RLIN) 14606
942 ## - ADDED ENTRY ELEMENTS (KOHA)
Source of classification or shelving scheme Dewey Decimal Classification
Koha item type Books
Koha issues (borrowed), all copies 4
Holdings
Withdrawn status Lost status Source of classification or shelving scheme Damaged status Not for loan Home library Current Library Shelving location Date acquired Source of acquisition Cost, normal purchase price Total checkouts Full call number Barcode Date last seen Date last checked out Copy number Cost, replacement price Price effective from Koha item type
    Dewey Decimal Classification     GRACE BIBLE COLLEGE GRACE BIBLE COLLEGE North East Collection 2020-02-24 10 375.00 6 305.5609541 HAN 013827 2025-05-01 2025-02-27 c.1 500.00 2020-02-24 Books
© Grace Bible College Library 2025